01455nam a2200337Ia 4500001001200000003000800012006001900020007001500039008004100054020001800095020001500113040002100128035002100149050002400170245016000194250002000354260004000374300001800414490004600432500012500478500002000603533015200623650003800775650004200813655002900855700002300884710004800907710001700955856012600972999001901098ebr10464540CaPaEBRm u cr cn|||||||||100226s2011 mdu s 001 0 eng d z9781598884043 z1598884042 aCaPaEBRcCaPaEBR a(OCoLC)71623015414aHD8051b.H36 2011eb00aHandbook of U.S. labor statisticsh[electronic resource] :bemployment, earnings, prices, productivity, and other labor data /cedited by Mary Meghan Ryan. a14th ed., 2011. aLanham, MD :bBernan Press,cc2011. axviii, 528 p.0 aHandbook of U.S. labor statistics ;v2011 aAn updated version of the Handbook of labor statistics which was published by the Bureau of Labor Statistics until 1989. aIncludes index. aElectronic reproduction.bPalo Alto, Calif. :cebrary,d2011.nAvailable via World Wide Web.nAccess may be limited to ebrary affiliated libraries. 0aLaborzUnited StatesvStatistics. 0aIndustrial statisticszUnited States. 7aElectronic books.2local1 aRyan, Mary Meghan.1 aUnited States.bBureau of Labor Statistics.2 aebrary, Inc.40uhttp://site.ebrary.com/lib/rucke/Doc?id=10464540zAn electronic book accessible through the World Wide Web; click to view c128651d128651